Hechos y cifras sobre el incrementos armamentista global
Guardado en:
| Autor Corporativo: | |
|---|---|
| Formato: | Texto |
| Publicado: |
Helsinki:
CMP. Centro de Información
|
| Materias: | |
| Etiquetas: |
Agregar Etiqueta
Sin Etiquetas, Sea el primero en etiquetar este registro!
|
MARC
| LEADER | 00000 a a2200000 04500 | ||
|---|---|---|---|
| 001 | 15292 | ||
| 003 | |||
| 040 | |||
| 090 | |a 021100 | ||
| 110 | |a Consejo Mundial de la Paz | ||
| 245 | |a Hechos y cifras sobre el incrementos armamentista global | ||
| 260 | |a Helsinki: |b CMP. Centro de Información | ||
| 300 | |a 14 p. | ||
| 650 | |a ARMAMENTISMO | ||
| 999 | |c 13519 |d 13519 | ||
